Исследования в области силикагелевых пластичных смазок: автореферат диссертации на соискание ученой степени кандидата технических наук

Dades bibliogràfiques
Autor principal: Бакалейников М. Б.
Autor corporatiu: Московский институт нефтехимической и газовой промышленности им. И. М. Губкина
Altres autors: Черножуков Н. И. (научный руководитель), Синицын В. В.
Idioma:rus
Publicat: Москва, Изд-во института нефтехимической и газовой промышленности им И, М. губкина, 1967
Matèries:
Format: MixedMaterials Llibre
KOHA link:https://koha.lib.tpu.ru/cgi-bin/koha/opac-detail.pl?biblionumber=118737

MARC

LEADER 00000nam0a2200000 4500
001 118737
005 20231031124313.0
035 |a (RuTPU)RU\TPU\book\128483 
090 |a 118737 
100 |a 20070618d1967 k y0rusy50 ca 
101 0 |a rus 
102 |a RU 
105 |a a dm 001zy 
200 1 |a Исследования в области силикагелевых пластичных смазок  |e автореферат диссертации на соискание ученой степени кандидата технических наук  |f М. Б. Бакалейников  |g Московский институт нефтехимической и газовой промышленности им. И. М. Губкина; науч. рук. Н. И. Черножуков; науч. рук. В. В. Синицын 
210 |a Москва  |c Изд-во института нефтехимической и газовой промышленности им И, М. губкина  |d 1967 
215 |a 30 с.  |c ил. 
320 |a Библиогр.: с.30 (6 назв.) 
610 1 |a химическая технология 
610 1 |a масла 
610 1 |a силикагели 
610 1 |a силикагелевые пластичные смазки 
610 1 |a пластические смазки 
610 1 |a авторефераты диссертаций 
675 |a 665.521  |v 3 
700 1 |a Бакалейников  |b М. Б. 
702 1 |a Черножуков  |b Н. И.  |4 727 
702 1 |a Синицын  |b В. В.  |4 727 
712 0 2 |a Московский институт нефтехимической и газовой промышленности им. И. М. Губкина  |2 stltpush  |3 (RuTPU)RU\TPU\col\5781 
801 1 |a RU  |b 63413507  |c 20070618  |g PSBO 
801 2 |a RU  |b 63413507  |c 20081205  |g PSBO 
942 |c BK